000 00620nam a22001815i 4500
001 159904
003 ES-MaACL
005 20250721062639.0
008 940202s1861 fr |||| | fre d
040 _aCAM
_bspa
100 1 _aMolinari, Gustave de,
_d1819-1912
_9130029
245 1 0 _aQuestions d'économie politique et de droit public /
_cpar G. de Molinari.
260 _aParis :
_bGuillaumin et Cie. ;
_aBruxelles :
_bA. Lacroix, Van Meeren et Cie.,
_c1861.
300 _a2 v. ;
_c23 cm.
650 0 7 _aEconomía
_2embne
_912006
852 _aES-MaACL
_jG-12745-46
_z-- Enc. hol.
999 _c159904
_d159904